000 00278nam a22001217a 4500
008 190227b xxu||||| |||| 00| 0 eng d
041 _aeng
080 _a038
100 _a23
101 _aFJA
245 _aThe Oxford Dictionary of English Etymology
_cOxford
942 _2udc
_cBK
999 _c54376
_d54376